000 00480nam a2200169 i 4500
001 145862
003 ES-MaACL
005 20251004063156.0
007 t|
008 071017s1910 fr ||||1| fre d
100 1 _aVerhaeren, Emile,
_d1855-1916
_9114123
245 1 4 _aLes rythmes souverains
_b: poèmes /
_cEmile Verhaeren.
260 _aParis :
_bMercure de France,
_c1910.
300 _a162 p. ;
_c19 cm.
852 _aES-MaACL
_jG-14859
999 _c145862
_d145862